| 000 | 01118nam a22003377a 4500 | ||
|---|---|---|---|
| 003 | CHAP | ||
| 005 | 20220329135602.0 | ||
| 008 | 971013s1977 r 00010 d | ||
| 010 | _a38878 | ||
| 011 | _a39850 | ||
| 035 | _a43975 | ||
| 040 | _cCHAP | ||
| 090 | _aFolleto 4158 | ||
| 100 | 0 | 0 |
_aMolina Piñeiro, Luis J. _977381 |
| 245 | _aAnálisis del debate periodístico acerca del Apartado C al artículo 123 | ||
| 260 |
_aMéxico, D.F. : _bUniversidad Nacional Autónoma de México. Centro de Estudios sobre la Universidad, _c1977 |
||
| 300 | _a23 p | ||
| 490 |
_aDeslinde _v; 90 |
||
| 590 |
_aBATCH-UPD _b10 _c20130110 _lUCH01 _h0928 |
||
| 590 |
_aBATCH-UPD _b10 _c20130410 _lUCH01 _h0548 |
||
| 590 |
_aBATCH-UPD _b10 _c20130914 _lUCH01 _h1143 |
||
| 590 |
_aCONVERSION _b10 _c20130109 _lUCH01 _h1322 |
||
| 650 | 1 | 4 |
_aDerecho laboral. _931890 |
| 650 | 1 | 4 |
_aMéxico _xConstitución. _976735 |
| 650 | 1 | 4 |
_aSindicatos _zMéxico. _9106574 |
| 650 | 1 | 4 |
_aUniversidades _xLeyes. _9116653 |
| 830 | 0 |
_aDeslinde _v; 90 _932155 |
|
| 901 | _aBK | ||
| 942 | _cFOLL | ||
| 949 |
_aFolleto 4158 _bBC _cFOLL _d-100633 _eTS1 _i43975 _mD _si |
||
| 999 |
_c38878 _d38878 |
||